Solid liquid flow abstracts.
Guardat en:
| Nou títol: | Fluid abstracts. Process engineering Computer aided process control abstracts Pumps and other fluids machinery abstracts Pipelines abstracts Fluid sealing abstracts Fluid power abstracts Fluid flow measurements abstracts Mixing and separation technology abstracts |
|---|---|
| Autor corporatiu: | |
| Format: | Revista |
| Idioma: | English |
| Publicat: |
New York :
Gordon and Breach,
1968-1990.
|
| Matèries: |
| LEADER | 02505cas a2200493 a 4500 | ||
|---|---|---|---|
| 001 | c000223167 | ||
| 003 | CARM | ||
| 005 | 20060825122204.0 | ||
| 008 | 770311d19681990nyuqr p a 0 a0eng d | ||
| 019 | 1 | |a 895976 |5 LACONCORD2021 | |
| 022 | 0 | |a 0038-1063 | |
| 035 | |a (OCoLC)1765977 |5 LACONCORD2021 | ||
| 040 | |a WAU |b eng |c WAU |d VMOU | ||
| 050 | 0 | 0 | |a TA357 |b .S54 |
| 082 | 0 | 4 | |a 620.106/05 |2 20 |
| 245 | 0 | 0 | |a Solid liquid flow abstracts. |
| 260 | |a New York : |b Gordon and Breach, |c 1968-1990. | ||
| 300 | |a 26 v. ; |c 22 cm. | ||
| 362 | 0 | |a Vol. 1 (1968)-v. 26, no. 6 (1990) | |
| 500 | |a Published by: BHRA Fluid Engineering (varies slightly), 1973-1989; by: Scientific & Technical Information Ltd., Oxford, 1990. | ||
| 580 | |a Merged with: Mixing and separation technology abstracts, Fluid flow measurements abstracts, Fluid power abstracts, Fluid sealing abstracts, Pipelines abstracts, Pumps and other fluids machinery abstracts, and Computer aided process control abstracts, to form Fluid abstracts. Process engineering. | ||
| 650 | 0 | |a Fluid mechanics |v Abstracts |v Periodicals. | |
| 650 | 0 | |a Two-phase flow |v Abstracts |v Periodicals. | |
| 650 | 0 | |a Slurry |v Abstracts |v Periodicals. | |
| 710 | 2 | |a BHRA (Association) | |
| 785 | 1 | 7 | |t Fluid abstracts. Process engineering |x 0962-7162 |
| 785 | 1 | 7 | |t Computer aided process control abstracts |
| 785 | 1 | 7 | |t Pumps and other fluids machinery abstracts |
| 785 | 1 | 7 | |t Pipelines abstracts |
| 785 | 1 | 7 | |t Fluid sealing abstracts |
| 785 | 1 | 7 | |t Fluid power abstracts |
| 785 | 1 | 7 | |t Fluid flow measurements abstracts |
| 785 | 1 | 7 | |t Mixing and separation technology abstracts |
| 852 | 8 | |b CARM |h A2:AD13H0 |i F00870 |p 0312192 |f SE | |
| 852 | 8 | |b CARM |h A2:AD26H0 |i F00873 |p 0312189 |f SE | |
| 852 | 8 | |b CARM |h A2:AN36A0 |i B06437 |p 0313696 |f SE | |
| 852 | 8 | |b CARM |h A2:AE31H0 |i C08248 |p 0313693 |f SE | |
| 866 | 0 | |a 1(1968)-21(1990) Inc. | |
| 866 | 0 | |a 1(1968)-21(1990) Inc. | |
| 999 | f | f | |i bb9c9fe6-7e4c-5e83-960a-3a64febb93c5 |s 1f8a0528-987c-54eb-9979-55356fc562cb |
| 952 | f | f | |p Can circulate |a CAVAL |b CAVAL |c CAVAL |d CARM 1 Store |e F00873 |f A2:AD26H0 |h Other scheme |i book |k 4:1(1973:01-03); 5(1974)-18(1987) |m 0312189 |
| 952 | f | f | |p Can circulate |a CAVAL |b CAVAL |c CAVAL |d CARM 1 Store |e F00870 |f A2:AD13H0 |h Other scheme |i book |k 20(1989)-21(1990) |m 0312192 |
| 952 | f | f | |p Can circulate |a CAVAL |b CAVAL |c CAVAL |d CARM 1 Store |e B06437 |f A2:AN36A0 |h Other scheme |i book |k 1(1968)-3(1972) |m 0313696 |
| 952 | f | f | |p Can circulate |a CAVAL |b CAVAL |c CAVAL |d CARM 1 Store |e C08248 |f A2:AE31H0 |h Other scheme |i book |k 19(1988) |m 0313693 |